Statistics for Top 20 Words Starting With L

Click here to take the quiz!

General Stats

  • This quiz has been taken 1,165 times
  • The average score is 11 of 20

Answer Stats

ranklettersword% Correct
154love
86%
14like
80%
143let
78%
74last
71%
184live
69%
174late
63%
165light
60%
193lot
58%
24look
57%
55leave
53%
103law
52%
134lead
51%
34life
51%
44long
49%
114line
47%
94left
44%
126little
39%
65large
23%
85level
17%
205local
10%

Score Distribution

Percentile by Number Answered

Percent of People with Each Score

Your Score History

You have not taken this quiz